000 nam a22 7a 4500
999 _c10175
_d10175
008 180212b ||||| |||| 00| 0 eng d
100 _aNCERT
_96178
245 _aMacro Economics-XII
260 _aNew Delhi
_bNCERT
_c2008